KATSEYE - Member Picture Quiz - Statistics

General Stats
  • This quiz has been taken 687 times
  • The average score is 6 of 6
Answer Stats
Picture Answer % Correct
Lara
98%
Manon
98%
Megan
97%
Daniela
96%
Sophia
96%
Yoonchae
94%
No matching quizzes found
Score Distribution
Percent of People with Each Score
Percentile by Number Answered
Your Score History
You have not taken this quiz